| 000 | 00979nam a2200253Ia 4500 | ||
|---|---|---|---|
| 005 | 20220317001149.0 | ||
| 008 | 160825s2007 ck g 000 0 spa | ||
| 020 | _a97895883212012 | ||
| 100 | 1 | _aPeláez Q., Gloria Inés | |
| 245 | 1 | 0 |
_aRoa séptima con catorce _cGloria Inés Peláez Q. |
| 250 | _a1a. edición | ||
| 300 |
_a50 páginas _c21 cm |
||
| 505 | _aFedra en La Candelaria ; La calle de San Bruno ; El barrio por excelencia ; Tretas y rulos en el Santafé ; Paseo entre Jiménez y diecinueve | ||
| 650 | 1 | 4 |
_2LEMB _aCuentos colombianos |
| 650 | 1 | 4 |
_2LEMB _aLiteratura colombiana |
| 650 | 1 | 4 |
_2LEMB _aVida cotidiana en la literatura |
| 942 |
_2loc _cBKLIT |
||
| 264 |
_aBogotá _bAlcaldía Mayor de Bogotá. Secretaría Distrital de Cultura _cRecreación y Deporte _c2007 |
||
| 336 |
_atexto _btxt _2rdacontent |
||
| 337 |
_asin mediación _bn _2rdamedia |
||
| 338 |
_avolumen _bnc _2rdacarrier |
||
| 040 |
_aCO-BoRNBP _bspa _erda _cCO-BoRNBP |
||
| 084 | _aC PEL2 | ||
| 999 |
_c6121 _d6121 |
||